000 00514cam a2200205 4500
001 D4876
008 090401t1961 xxu||||| |||| 00| 0 eng d
035 _a(Sirsi) u23062
041 _aeng
050 _a306.6
110 _aMinistry of Housing and Local Government
_91285
245 _aHomes for today and tomorrow
260 _aLondon
_bHMSO
_c1961
300 _avii. 91p. illus. 25cm
350 _a0.2
650 _aPARKER MORRIS REPORT
650 _aSPACE STANDARDS
942 _n0
948 _c04/03/1997
999 _c88311
_d88311